000 00899nam a2200289 a 4500
001 56677
003 BD-RJUL
005 20211209080424.0
008 161203s1958 iluach b 000 0 eng
035 _aBD-RJUL 56801
035 _a(OCoLC)00574079
040 _aDLC
_cWSU
_dSER
_dOKH
_dOCL
_dMYG
_beng
041 _aeng
060 _aZ 675.M4 K44a
082 _a026.61
_223
_bKEA 1958
090 _aZ675.M4
_bK48x 1958
100 1 _aKeys, Thomas E.
_q(Thomas Edward),
_d1908-
_9168560
245 1 0 _aApplied medical library practice /
_cThomas E. Keys, With chapters by Catherine Kennedy [and] Ruth M. Tews.
260 _aSpringfield, Ill. :
_bThomas,
_c[1958]
300 _axix, 495 p. :
_bill. ;
_c24 cm.
504 _aIncludes bibliographies.
650 0 _aMedical libraries.
_9168211
942 _2ddc
_cBK
946 _at
949 _ac
_p39080021893273
999 _c56677
_d56677